| 000 | 00412 a2200169 4500 | ||
|---|---|---|---|
| 001 | 187037 | ||
| 020 | _a85-16-05178-1 | ||
| 040 | _cMagnum | ||
| 100 | _aLisle, Janet Taylor | ||
| 240 | 1 | 0 |
_aO jardim das crianças encantadas _lpor |
| 245 | 1 | 0 | _aO jardim das crianças encantadas |
| 300 | _a119 | ||
| 362 | 0 | _a2006 | |
| 440 | 1 | _aSalamandra | |
| 697 | _aLITERATURA INFANTO-JUVENIL ESTRANGEIRA | ||
| 942 | _cBK | ||
| 999 |
_c187037 _d187037 |
||